00600nam a2200157Ia 4500008004100000020001800041041000800059082001500067100005400082245007100136250000600207260005200213300001200265999001900277952014600296210716s2015 xx 000 0 und d a9788131521250 aeng a658.7 COYJ aCoyle, John J; Langley, C John; Novack, Robert A. aManaging supply chains: a logistics approach.bLogistics approach. a9 aNew DelhibCengage Learning India Pvt Ltdc2015 axxv,693 c195664d195664 00102ddc40708MCAaAIMITbAIMITd2017-03-01eKnowledge Worldg725.00l0o658.7 COYJpMCA15175r2025-07-21 00:00:00v565.50w2021-07-16yBK